| 000 | 00828 a2200241 4500 | ||
|---|---|---|---|
| 003 | OSt | ||
| 005 | 20180116192337.0 | ||
| 008 | 110809t 1997xxu||||| |||| 00| 0 eng d | ||
| 010 | _a 96023879 | ||
| 020 | _a1565842472 | ||
| 040 | _c0 | ||
| 082 | 0 | 0 | _a304.23 |
| 100 | 1 |
_aLippard, Lucy R. _920 |
|
| 245 | 1 | 4 |
_aThe lure of the local : _bsenses of place in a multicentered society / _cLucy R. Lippard. |
| 260 |
_aNew York : _bNew Press, _cc1997. |
||
| 300 |
_a325 p. : _bill. (some col.) ; _c25 cm. |
||
| 650 | 0 |
_aHuman geography _zUnited States. _921 |
|
| 650 | 0 |
_aGeographical perception _zUnited States. _922 |
|
| 650 | 0 |
_aMulticulturalism _zUnited States. _923 |
|
| 651 | 0 |
_aUnited States _xSocial life and customs. _924 |
|
| 942 |
_aSADA _cBK _k304.23 LIP 1997 _2ddc |
||
| 999 |
_c352515 _d352515 |
||